|
|
|
|
| LEADER |
01839nam a2200457 a 4500 |
| 001 |
nkc20071708259 |
| 003 |
CZ PrNK |
| 005 |
20070517090034.0 |
| 007 |
ta |
| 008 |
070208s2006 xr e p 000 0 cze |
| 015 |
|
|
|a cnb001708259
|
| 020 |
|
|
|a 80-244-1459-7
|q (brož.) :
|c neprodejné
|
| 035 |
|
|
|a (OCoLC)124091564
|
| 040 |
|
|
|a OLA001
|b cze
|
| 072 |
|
7 |
|a 339
|x Obchod
|2 Konspekt
|9 4
|
| 072 |
|
7 |
|a 37.016
|x Učební osnovy. Vyučovací předměty. Učebnice
|2 Konspekt
|9 22
|
| 080 |
|
|
|a 339.137
|2 MRF
|
| 080 |
|
|
|a (075.8)
|2 MRF
|
| 100 |
1 |
|
|a Hon, Martin,
|d 1979-2016
|7 mzk2005312993
|4 aut
|
| 245 |
1 |
0 |
|a Hospodářská soutěž /
|c Martin Hon
|
| 250 |
|
|
|a 1. vyd.
|
| 260 |
|
|
|a Olomouc :
|b Univerzita Palackého v Olomouci,
|c 2006
|
| 300 |
|
|
|a 55 s. ;
|c 30 cm
|
| 490 |
1 |
|
|a Studijní texty pro distanční studium
|
| 500 |
|
|
|a Nad názvem: SDV - Středisko distančního vzdělávání
|
| 500 |
|
|
|a Na obálce pod názvem: Univerzita Palackého, Filozofická fakulta
|
| 504 |
|
|
|a Obsahuje bibliografii
|
| 521 |
8 |
|
|a Určeno pro distanční studium
|
| 650 |
0 |
7 |
|a hospodářská soutěž
|7 ph120822
|2 czenas
|
| 650 |
0 |
9 |
|a competition
|2 eczenas
|
| 655 |
|
7 |
|a učebnice vysokých škol
|7 fd133772
|2 czenas
|
| 655 |
|
9 |
|a textbooks (higher)
|2 eczenas
|
| 710 |
2 |
|
|a Univerzita Palackého.
|b Středisko distančního vzdělávání
|7 kn20020321439
|
| 710 |
2 |
|
|a Univerzita Palackého.
|b Filozofická fakulta
|7 kn20010709373
|
| 810 |
2 |
|
|a Univerzita Palackého.
|t Studijní texty pro distanční studium
|0 s
|
| 856 |
4 |
1 |
|u http://www.digitalniknihovna.cz/mzk/uuid/uuid:73f0e700-c37f-11e7-9c14-005056827e51
|y Digitalizovaný dokument
|x NDK
|
| 910 |
2 |
|
|a BOA001
|b 3-1181.158
|
| 990 |
|
|
|a BK
|
| 995 |
|
|
|a 01
|
| 991 |
|
|
|b 200703
|c NOV
|
| 996 |
6 |
|
|b 2610301933
|c 3-1181.158
|l MZK
|r Sklad / do 1 hodiny
|n 17
|p p.v.
|w 000841088
|u 000010
|a 1
|e BOA001
|j MZK50
|s P
|